Cuaderno de trabajo Lenguaje: 1§ Medio
Guardat en:
| Autor corporatiu: | |
|---|---|
| Format: | Llibre |
| Idioma: | espanyol |
| Publicat: |
Santiago
Mare Nostrum
2007
|
| Edició: | 1a. ed |
| Col·lecció: | PSU
|
| Matèries: | |
| Etiquetes: |
Afegir etiqueta
Sense etiquetes, Sigues el primer a etiquetar aquest registre!
|
MARC
| LEADER | 00000nam a2200000 a 4500 | ||
|---|---|---|---|
| 001 | UCH8272 | ||
| 003 | CL-VaPUC | ||
| 008 | 091127e20070200CL |||||||||||||||||spa|d | ||
| 020 | |a 9789562941969 | ||
| 082 | 0 | 4 | |a 371.264 |b PRE |2 21 |
| 110 | 2 | |a Preuniversitario Pedro de Valdivia |e author |9 544756 | |
| 245 | 1 | 0 | |a Cuaderno de trabajo Lenguaje: 1§ Medio |
| 250 | |a 1a. ed | ||
| 300 | |a 122 p | ||
| 942 | |c BK | ||
| 945 | |d 20091127 00:00:00 |a lazolas | ||
| 260 | |a Santiago |b Mare Nostrum |c 2007 | ||
| 500 | |a Ejercicios tipo PSU organizados por áreas de contenidos y ejes temáticos | ||
| 650 | 0 | |a Educación |9 258661 | |
| 650 | 0 | |a Educación superior |9 223851 | |
| 650 | 0 | |a Evaluación de la educación |9 237505 | |
| 650 | 7 | |a PRUEBA DE SELECCION UNIVERSITARIA |2 CL-VaPUC |9 537094 | |
| 650 | 7 | |a PSU |2 CL-VaPUC |9 497802 | |
| 650 | 7 | |a CASTELLANO |2 CL-VaPUC |9 346426 | |
| 650 | 0 | |a Gramática española |9 403055 | |
| 650 | 0 | |a Comprensión de lectura |9 307588 | |
| 583 | |a last modification |c 20091127 00:00:00 |k Rodrigo Vera | ||
| 490 | 0 | |a PSU | |
| 999 | |c 338502 |d 338500 | ||